El hipócrita político (Record no. 170529)

MARC details
000 -LEADER
campo de control de longitud fija 01033nam a2200217 i 4500
001 - NÚMERO DE CONTROL
campo de control 170529
003 - IDENTIFICADOR DE NÚMERO DE CONTROL
campo de control ES-MaACL
005 - FECHA Y HORA DE LA ÚLTIMA TRANSACCIÓN
campo de control 20250824072722.0
008 - DATOS DE LONGITUD FIJA--INFORMACIÓN GENERAL
campo de control de longitud fija 090312s1927 ag |||| | spa d
080 ## - NÚMERO DE LA CLASIFICACIÓN DECIMAL UNIVERSAL
Número de la Clasificación Decimal Universal 821.134.2 (82)-2"18"
245 03 - MENCIÓN DEL TÍTULO
Título El hipócrita político
Resto del título : comedia en tres actos /
Mención de responsabilidad, etc. por P.V.A., Buenos Aires, 1819 ; [noticia de Jorge Max. Rohde].
260 ## - PUBLICACIÓN, DISTRIBUCIÓN, ETC.
Lugar de publicación, distribución, etc. Buenos Aires :
Nombre del editor, distribuidor, etc. [s.n.],
Fecha de publicación, distribución, etc. 1927 (
Fabricante Imp. de la Universidad)
300 ## - DESCRIPCIÓN FÍSICA
Extensión 3 h., p. 466-536 ;
Dimensiones 23 cm.
490 1# - MENCIÓN DE SERIE
Mención de serie Sección de documentos. Primera serie. T. III: Teatro en prosa / Facultad de Filosofía y Letras de la Universidad de Buenos Aires, Instituto de Literatura Argentina ;
Designación de volumen o secuencia 7
700 1# - ENTRADA AGREGADA--NOMBRE PERSONAL
Nombre de persona Rohde, Jorge Max.
9 (RLIN) 98977
710 2# - ENTRADA AGREGADA--NOMBRE DE ENTIDAD CORPORATIVA
Nombre de entidad corporativa o nombre de jurisdicción como elemento de entrada Universidad de Buenos Aires.
Unidad subordinada Instituto de Literatura Argentina.
9 (RLIN) 139614
830 00 - PUNTO DE ACCESO ADICIONAL DE SERIE-TÍTULO UNIFORME
Título uniforme Sección de documentos.
Nombre de parte o sección de la obra Primera serie.
-- Teatro en prosa (Instituto de Literatura Argentina)
Designación de volumen o secuencia 7
9 (RLIN) 188942
852 ## - LOCALIZACIÓN
Ubicación ES-MaACL
Número de control de estantería C-6629(5)
Nota libre Enc. en un vol. facticio
942 ## - ELEMENTOS DE ENTRADA SECUNDARIOS (KOHA)
Fuente del sistema de clasificación o colocación Clasificación decimal universal
Holdings
Estatus retirado Estado de pérdida Estado de daño No para préstamo Biblioteca de origen Biblioteca actual Ubicación en estantería Fecha de adquisición Total de préstamos Signatura topográfica completa Código de barras Visto por última vez Precio de reemplazo Tipo de ítem Koha
        Biblioteca del Ateneo de Madrid Biblioteca del Ateneo de Madrid Sala Palomar 12/03/2009   C-6629(5) 1178961 23/02/2023 23/02/2023 Libro impreso